Statistics for Jekyll and Hyde Musical - Facade Reprise 2 - Missing Lyrics

Click here to take the quiz!

General Stats

  • This quiz has been taken 7 times
  • The average score is 10 of 12

Answer Stats

Line: Ensemble% Correct
Here in London's {East} End
100%
Life is {hard} here
100%
So be fast on your {feet}
100%
Where you won't find a {friend}
100%
Death is {waiting}
75%
Fate is marking your {card}
75%
If you want to {survive}
75%
It's the {devil's} back yard
75%
They're the odds you must {beat}
75%
Where your life has no {worth}
75%
You've got one chance in {five}
75%
It's the {pits} of the Earth
50%

Score Distribution

Percentile by Number Answered

Percent of People with Each Score

Your Score History

You have not taken this quiz